[Event "Pyramiden Franken Cup"]
[Site "Fuerth"]
[Date "2016.09.02"]
[Round "2"]
[White "Lehmann, Patricia"]
[Black "Hoffmann, Sebastian"]
[Result "1/2-1/2"]
[WhiteElo "1720"]
[BlackElo "2003"]
[PlyCount "104"]
[EventDate "2016.09.01"]
[EventType "swiss"]
[EventRounds "7"]
[EventCountry "GER"]
[SourceTitle "CBM 174 Extra"]
[Source "ChessBase"]
[SourceDate "2016.10.10"]
[SourceVersion "1"]
[SourceVersionDate "2016.10.10"]
[SourceQuality "1"]

1. d4 d5 2. c4 c6 3. Nf3 Nf6 4. Nc3 dxc4 5. a4 Bf5 6. e3 e6 7. Bxc4 Bb4 8. 0-0 Nbd7 9. Bd2 0-0 10. h3 c5 11. Qe2 Bg6 12. Na2 Bxd2 13. Qxd2 Qe7 14. Nc3 Rfd8 15. Qe2 cxd4 16. exd4 Nb6 17. Bb3 Nbd5 18. Nxd5 Nxd5 19. Rfd1 Qb4 20. Qc4 Rac8 21. Qxb4 Nxb4 22. Rac1 Nd3 23. Rxc8 Rxc8 24. Rd2 Rc1+ 25. Kh2 Nf4 26. Kg3 Nh5+ 27. Kh2 Nf6 28. Rd1 Rxd1 29. Bxd1 Ne4 30. Kg1 Kf8 31. Nh4 Ke7 32. Nxg6+ hxg6 33. Kf1 Kd6 34. f3 Ng3+ 35. Kf2 Nf5 36. Ke2 Nxd4+ 37. Kd3 Kc5 38. b4+ Kd5 39. Kc3 g5 40. Kd3 Nf5 41. f4 Nd4 42. fxg5 e5 43. Bf3+ Nxf3 44. gxf3 a6 45. h4 g6 46. a5 Ke6 47. Ke4 Kd6 48. Ke3 Kc6 49. Ke4 Kd6 50. Ke3 Kd5 51. Kd3 Kd6 52. Ke3 Ke6 1/2-1/2

[Event "GER-ch U18 Girls"]
[Site "Oberhof"]
[Date "2013.05.19"]
[Round "2"]
[White "Lehmann, Patricia"]
[Black "Halas, Julia"]
[Result "1-0"]
[WhiteElo "1637"]
[BlackElo "1576"]
[PlyCount "61"]
[EventDate "2013.05.19"]
[EventType "swiss"]
[EventRounds "9"]
[EventCountry "GER"]
[SourceTitle "CBM 154 Extra"]
[Source "ChessBase"]
[SourceDate "2013.06.25"]
[SourceVersion "2"]
[SourceVersionDate "2013.06.25"]
[SourceQuality "1"]

1. d4 d5 2. c4 e6 3. Nc3 Nf6 4. Bg5 Nbd7 5. Nf3 c6 6. cxd5 exd5 7. e3 Be7 8. Bd3 h6 9. Bh4 0-0 10. 0-0 Ne4 11. Bxe7 Qxe7 12. Qc2 f5 13. Rae1 Qf6 14. Kh1 Qe7 15. Ne2 Qd6 16. Nf4 b6 17. Ng1 c5 18. Nxd5 Nd2 19. Ne7+ Qxe7 20. Qxd2 Bb7 21. Bc4+ Kh8 22. Ne2 Qg5 23. f3 cxd4 24. Qxd4 Rad8 25. Qf4 Qf6 26. Nd4 Rde8 27. Bb5 Re7 28. Bd3 Qf7 29. Qxf5 Qxf5 30. Nxf5 Re5 31. Nh4 1-0

[Event "GER-ch U18 Girls"]
[Site "Oberhof"]
[Date "2013.05.19"]
[Round "1"]
[White "Zeller, Elisa"]
[Black "Lehmann, Patricia"]
[Result "1-0"]
[WhiteElo "1896"]
[BlackElo "1637"]
[PlyCount "81"]
[EventDate "2013.05.19"]
[EventType "swiss"]
[EventRounds "9"]
[EventCountry "GER"]
[SourceTitle "CBM 154 Extra"]
[Source "ChessBase"]
[SourceDate "2013.06.25"]
[SourceVersion "2"]
[SourceVersionDate "2013.06.25"]
[SourceQuality "1"]

1. e4 c5 2. b3 Nc6 3. Bb2 d6 4. f4 Nf6 5. Nc3 e6 6. Bb5 Bd7 7. Nf3 a6 8. Bxc6 Bxc6 9. d3 Qc7 10. 0-0 Be7 11. Qe1 0-0 12. Ne2 Nh5 13. g4 Nf6 14. Qg3 d5 15. Bxf6 Bxf6 16. e5 Be7 17. f5 exf5 18. gxf5 f6 19. Nf4 Rf7 20. Ne6 Qb8 21. Rae1 Bd7 22. exf6 Qxg3+ 23. hxg3 Bxf6 24. Nxc5 Bc3 25. Nxd7 Rxd7 26. Re6 Rc8 27. Rf2 Bb4 28. Rfe2 Rdc7 29. c4 dxc4 30. dxc4 Rd7 31. Kg2 Rf8 32. g4 Rd6 33. Ng5 Rd2 34. Rxd2 Bxd2 35. Ne4 Ba5 36. Nd6 b6 37. Nb7 Kf7 38. Nxa5 bxa5 39. Rxa6 Rd8 40. Rxa5 Rd2+ 41. Kg3 1-0

[Event "GER-ch U16 Girls"]
[Site "Oberhof"]
[Date "2012.05.30"]
[Round "6"]
[White "Spiegelberg, Silvia"]
[Black "Lehmann, Patricia"]
[Result "1-0"]
[WhiteElo "1914"]
[BlackElo "1610"]
[PlyCount "67"]
[EventDate "2012.05.27"]
[EventType "swiss"]
[EventRounds "9"]
[EventCountry "GER"]
[SourceTitle "CBM 148 Extra"]
[Source "ChessBase"]
[SourceDate "2012.06.22"]
[SourceVersion "1"]
[SourceVersionDate "2012.06.22"]
[SourceQuality "1"]

1. e4 c5 2. Nf3 d6 3. d4 cxd4 4. Nxd4 Nf6 5. Nc3 a6 6. f3 e5 7. Nb3 Be6 8. Be3 Be7 9. Qd2 0-0 10. 0-0-0 a5 11. Bb5 Na6 12. g4 Qb8 13. h4 Ne8 14. h5 Nec7 15. Bxa6 Rxa6 16. g5 a4 17. Na1 a3 18. b3 d5 19. exd5 Bf5 20. Qh2 Re8 21. h6 Qc8 22. hxg7 Ra5 23. d6 Bxd6 24. Rxd6 Re6 25. Ne4 Ne8 26. Rxe6 Qxe6 27. Qd2 Rd5 28. Qb4 Kxg7 29. Qxa3 Qc6 30. g6 Bxe4 31. fxe4 Qc3 32. Bh6+ Kf6 33. Qb2 Rd1+ 34. Rxd1 1-0

[Event "GER-ch U16 Girls"]
[Site "Oberhof"]
[Date "2012.05.27"]
[Round "1"]
[White "Lehmann, Patricia"]
[Black "Diederichs, Luise"]
[Result "0-1"]
[WhiteElo "1610"]
[BlackElo "1834"]
[PlyCount "76"]
[EventDate "2012.05.27"]
[EventType "swiss"]
[EventRounds "9"]
[EventCountry "GER"]
[SourceTitle "CBM 148 Extra"]
[Source "ChessBase"]
[SourceDate "2012.06.22"]
[SourceVersion "1"]
[SourceVersionDate "2012.06.22"]
[SourceQuality "1"]

1. d4 Nf6 2. c4 c5 3. Nf3 g6 4. Nc3 Bg7 5. Bg5 0-0 6. e4 cxd4 7. Nxd4 d6 8. Be2 Nc6 9. Nf3 Bg4 10. 0-0 Rc8 11. Nd2 Bxe2 12. Nxe2 Nd7 13. Rb1 Qa5 14. a3 Qxg5 15. f4 Qc5+ 16. Kh1 Nd4 17. Ng3 b5 18. b4 Qb6 19. cxb5 Qxb5 20. Nf3 Nxf3 21. Rxf3 Nb6 22. f5 Qc4 23. h4 Qc2 24. Qf1 Rc3 25. Re1 Rxf3 26. Qxf3 Qc3 27. Re3 Qc1+ 28. Kh2 Nc4 29. Re2 Qxa3 30. Qxa3 Nxa3 31. Ra2 Nb5 32. h5 Bc3 33. Ne2 Bxb4 34. Rb2 a5 35. h6 Rc8 36. fxg6 hxg6 37. Nf4 Nc3 38. Kh3 Rc4 0-1

[Event "GER-chT Nord-Ost U20 U20 1112"]
[Site "Germany"]
[Date "2012.01.21"]
[Round "5.4"]
[White "Lehmann, Patricia"]
[Black "Paul, Fabian"]
[Result "1-0"]
[WhiteElo "1671"]
[BlackElo "1453"]
[PlyCount "93"]
[EventDate "2011.09.24"]
[EventType "team-tourn"]
[EventRounds "9"]
[EventCountry "GER"]
[SourceTitle "EXT 2015"]
[Source "ChessBase"]
[SourceDate "2014.11.20"]
[SourceVersion "1"]
[SourceVersionDate "2014.11.20"]
[SourceQuality "1"]

1. d4 Nf6 2. Nf3 g6 3. c4 Bg7 4. Nc3 0-0 5. e4 d6 6. Be2 c5 7. 0-0 Nbd7 8. d5 Ng4 9. Ne1 Nde5 10. f4 a6 11. fxe5 Nxe5 12. Nf3 Ng4 13. Kh1 f5 14. exf5 Bxf5 15. h3 Ne5 16. Nxe5 Bxe5 17. Bh6 Rf6 18. Bg4 Qd7 19. Bxf5 gxf5 20. Bf4 Bd4 21. Qd2 Rg6 22. Rf3 Kh8 23. Rg3 Rag8 24. Rxg6 Rxg6 25. Re1 b5 26. cxb5 axb5 27. a3 Qb7 28. Qd3 e5 29. Bc1 b4 30. axb4 cxb4 31. Qb5 Rg7 32. Qxb7 Rxb7 33. Ne2 Bc5 34. Rf1 Rf7 35. Ng3 Kg7 36. Rxf5 Rxf5 37. Nxf5+ Kf6 38. g4 h5 39. Kg2 hxg4 40. hxg4 Kg6 41. Kf3 Kf7 42. Ke4 Kf6 43. b3 Kg6 44. Ne7+ Kf7 45. Nc6 Kg6 46. Bd2 Kf6 47. Bxb4 1-0

[Event "GER-ch U18 Girls"]
[Site "Oberhof"]
[Date "2011.06.17"]
[Round "8"]
[White "Lehmann, Patricia"]
[Black "Bluebaum, Johanna"]
[Result "1-0"]
[WhiteElo "1522"]
[BlackElo "1998"]
[PlyCount "105"]
[EventDate "2011.06.11"]
[EventType "swiss"]
[EventRounds "9"]
[EventCountry "GER"]
[SourceTitle "CBM 142 Extra"]
[Source "ChessBase"]
[SourceDate "2011.06.27"]
[SourceVersion "1"]
[SourceVersionDate "2011.06.27"]
[SourceQuality "1"]

1. d4 Nf6 2. Nf3 c5 3. d5 d6 4. Nc3 g6 5. e4 Bg7 6. Bc4 a6 7. a4 0-0 8. 0-0 b6 9. Re1 Nbd7 10. h3 Ne8 11. Bf4 Nc7 12. Qd2 Re8 13. e5 Nxe5 14. Nxe5 dxe5 15. Bxe5 Bb7 16. Bxg7 Kxg7 17. Rad1 Qd7 18. Qf4 b5 19. d6 bxc4 20. dxc7 Qc6 21. f3 e5 22. Qxc4 Qxc7 23. Ne4 Bxe4 24. Rxe4 Red8 25. Ree1 Qb6 26. b3 Rd6 27. Rxd6 Qxd6 28. Qe2 Re8 29. Kh1 e4 30. fxe4 Qg3 31. Qe3 Qe5 32. Qd3 Re6 33. Rd1 Qf4 34. Qc3+ Qf6 35. Qxf6+ Kxf6 36. Rd5 c4 37. Rd4 cxb3 38. cxb3 Ke5 39. Rd7 Kf6 40. Ra7 Rb6 41. Kg1 Rxb3 42. Rxa6+ Ke5 43. Ra7 Kxe4 44. Rxf7 Ra3 45. Rxh7 Kf5 46. Ra7 Ra2 47. Kh2 Ra3 48. a5 Kg5 49. a6 Ra2 50. Ra8 Ra3 51. a7 Ra2 52. h4+ Kg4 53. h5 1-0

[Event "GER-ch U14 Girls"]
[Site "Oberhof"]
[Date "2010.05.26"]
[Round "6"]
[White "Kuckling, Hannah"]
[Black "Lehmann, Patricia"]
[Result "1/2-1/2"]
[WhiteElo "1602"]
[BlackElo "1340"]
[PlyCount "56"]
[EventDate "2010.05.22"]
[EventType "swiss"]
[EventRounds "9"]
[EventCountry "GER"]
[SourceTitle "CBM 136 Extra"]
[Source "ChessBase"]
[SourceDate "2010.07.02"]
[SourceVersion "2"]
[SourceVersionDate "2010.07.15"]
[SourceQuality "1"]

1. e4 c5 2. c3 Nf6 3. e5 Nd5 4. Bc4 Qc7 5. Nf3 e6 6. 0-0 d6 7. exd6 Bxd6 8. Bb3 0-0 9. d4 cxd4 10. cxd4 b6 11. Nbd2 Nf6 12. Nc4 Bb7 13. Nxd6 Qxd6 14. Bg5 Ng4 15. Ne5 Nxe5 16. dxe5 Qxe5 17. Qd2 Na6 18. Rfe1 Qb5 19. Rac1 Rac8 20. Bc2 Qd5 21. Qxd5 Bxd5 22. a3 Nc5 23. Re3 h6 24. Bf4 Nb3 25. Rxb3 Bxb3 26. Bxb3 Rxc1+ 27. Bxc1 Rc8 28. Be3 Kh7 1/2-1/2

[Event "GER-ch U14 Girls"]
[Site "Oberhof"]
[Date "2010.05.23"]
[Round "1"]
[White "Lehmann, Patricia"]
[Black "Gamisch, Laura"]
[Result "0-1"]
[WhiteElo "1340"]
[BlackElo "1759"]
[PlyCount "86"]
[EventDate "2010.05.22"]
[EventType "swiss"]
[EventRounds "9"]
[EventCountry "GER"]
[SourceTitle "CBM 136 Extra"]
[Source "ChessBase"]
[SourceDate "2010.07.02"]
[SourceVersion "2"]
[SourceVersionDate "2010.07.15"]
[SourceQuality "1"]

1. d4 d5 2. c4 dxc4 3. Nc3 a6 4. a4 Nc6 5. Nf3 Nf6 6. e3 Bf5 7. Nh4 Bg6 8. Bxc4 e6 9. Nxg6 hxg6 10. Qf3 Qd6 11. h3 0-0-0 12. 0-0 g5 13. g4 Rh4 14. Qg2 Be7 15. f4 gxf4 16. Rxf4 Rdh8 17. g5 Rxf4 18. exf4 Qxd4+ 19. Kh1 Qxc4 20. gxf6 Bxf6 21. Ne4 Qd3 22. Kh2 Nd4 23. Nd2 Nc2 24. Ra2 g6 25. a5 Qe3 26. Ra4 Nd4 27. Rb4 Nc6 28. Re4 Qc5 29. Nb3 Qd5 30. Qc2 Rd8 31. Re2 Nxa5 32. Nxa5 Qxa5 33. Kg2 Qd5+ 34. Kh2 Qd3 35. Qxd3 Rxd3 36. Rc2 Kd7 37. b4 Rd4 38. Bd2 Be7 39. Rb2 Bd6 40. Kg3 g5 41. Kf3 Bxf4 42. Bxf4 Rxf4+ 43. Ke3 Rh4 0-1

[Event "GER-ch U14 Girls"]
[Site "Willingen"]
[Date "2009.05.31"]
[Round "2"]
[White "Lehmann, Patricia"]
[Black "Liez, Franziska"]
[Result "1-0"]
[WhiteElo "1378"]
[BlackElo "1037"]
[PlyCount "93"]
[EventDate "2009.05.30"]
[EventType "swiss"]
[EventRounds "9"]
[EventCountry "GER"]
[SourceTitle "EXT 2010"]
[Source "ChessBase"]
[SourceDate "2010.11.25"]
[SourceVersion "1"]
[SourceVersionDate "2010.11.25"]
[SourceQuality "1"]

1. d4 d5 2. c4 e6 3. Nc3 Nf6 4. Nf3 c6 5. Bg5 Be7 6. e3 Nbd7 7. Be2 dxc4 8. Bxc4 b5 9. Bd3 a6 10. 0-0 Bb7 11. a3 c5 12. dxc5 Nxc5 13. Bc2 0-0 14. Re1 Re8 15. b4 Nce4 16. Nxe4 Nxe4 17. Bxe7 Qxe7 18. Qd4 f5 19. Red1 Red8 20. Qb2 Rac8 21. Nd4 Qf6 22. f3 Ng5 23. Rac1 Qg6 24. Rf1 Qf6 25. Bb1 Nf7 26. Qf2 Nd6 27. Ba2 Re8 28. Rfd1 Nc4 29. a4 Bd5 30. Bxc4 Bxc4 31. axb5 axb5 32. Ra1 e5 33. Ne2 Qe7 34. Rdb1 Bd3 35. Rb3 e4 36. f4 Qe6 37. Nd4 Qd5 38. Rb2 g6 39. Qh4 Kg7 40. Ra7+ Qf7 41. Rxf7+ Kxf7 42. Ra2 Re7 43. Ra6 Rd8 44. Qf6+ Ke8 45. Nc6 Kd7 46. Qxe7+ Kc8 47. Ra8# 1-0